Use of sewerage sludge in construction (Record no. 105005)

MARC details
000 -LEADER
fixed length control field 01250cam a2200301 4500
001 - CONTROL NUMBER
control field ##L132071
008 - FIXED-LENGTH DATA ELEMENTS--GENERAL INFORMATION
fixed length control field 051222n2004 000 0 eng u
020 ## - INTERNATIONAL STANDARD BOOK NUMBER
International Standard Book Number 0860176088
035 ## - SYSTEM CONTROL NUMBER
System control number (Sirsi) u132071
041 0# - LANGUAGE CODE
Language code of text/sound track or separate title eng
050 ## - LIBRARY OF CONGRESS CALL NUMBER
Classification number 693.9 $2 18
100 1# - MAIN ENTRY--PERSONAL NAME
Personal name Gunn, Andrew
245 00 - TITLE STATEMENT
Title Use of sewerage sludge in construction
260 ## - PUBLICATION, DISTRIBUTION, ETC.
Place of publication, distribution, etc. London
Name of publisher, distributor, etc. CIRIA
Date of publication, distribution, etc. 2004
300 ## - PHYSICAL DESCRIPTION
Extent 166p.
Other physical details ill, charts
Dimensions 30cm.
490 #0 - SERIES STATEMENT
Series statement CIRIA
Volume/sequential designation C608
490 #0 - SERIES STATEMENT
Series statement CIRIA Research Project
Volume/sequential designation 656
520 ## - SUMMARY, ETC.
Summary, etc. Report following on from CIRIA Research Project 655. Examines the current knowledge on the manufacture and properties of structural materials that use or incorporate sewerage sludge or incinerated sewerage sludge as an innovative alternative to disposal to landfill. Outlines the health and safety implications as well as the positive and negative impacts on the environment.
590 ## - LOCAL NOTE (RLIN)
Local note CIRIA
-- C608
690 ## - LOCAL SUBJECT ADDED ENTRY--TOPICAL TERM (OCLC, RLIN)
Topical term or geographic name as entry element BUILT ENVIRONMENT-BUILDING MATERIALS-NON TIMBER ANIMAL AND VEGETABLE MATERIALS
700 1# - ADDED ENTRY--PERSONAL NAME
Personal name Dewhurst, Rachel
700 1# - ADDED ENTRY--PERSONAL NAME
Personal name Giorgetti, Annabelle
700 1# - ADDED ENTRY--PERSONAL NAME
Personal name Gillott, Nick
700 1# - ADDED ENTRY--PERSONAL NAME
Personal name Wishart, James
700 1# - ADDED ENTRY--PERSONAL NAME
Personal name Pedley, Stephen
710 2# - ADDED ENTRY--CORPORATE NAME
Corporate name or jurisdiction name as entry element Construction Industry Research and Information Association
9 (RLIN) 4810
942 ## - ADDED ENTRY ELEMENTS (KOHA)
Suppress in OPAC 0
Holdings
Withdrawn status Lost status Source of classification or shelving scheme Damaged status Not for loan Home library Current library Shelving location Date acquired Total Checkouts Full call number Barcode Date last seen Copy number Price effective from Koha item type
    Dewey Decimal Classification     London London Folio 22/12/2005   F693.9 GUN 30071769 06/08/2019 1 06/08/2019 Book